Ciudades españolas Patrimonio de la Humanidad - Estadísticas

Estadísticas generales
  • Esta prueba ha sido intentada 175 veces
  • La puntuación promedio es 11 de 15
Estadísticas de respuestas
Comunidad Autónoma Ciudad Patrimonio incluido % Correcto
Córdoba Casco Antiguo, Mezquita, Alcázar...
99%
Galicia Santiago de Compostela Casco Antiguo, Catedral...
90%
Mérida Teatro, Anfitreatro, Circo, Puente, Acueductos, Templos y Domus romanos; Catedral, Alcazaba...
89%
Salamanca Universidad, Casco Antiguo, Plaza Mayor...
89%
Toledo Casco Antiguo, Alcázar, Murallas, Iglesias...
89%
Extremadura Cáceres Casco Antiguo
88%
Segovia Casco Antiguo, Acueducto...
86%
Cataluña Tarragona Murallas, Foros, Circo, Teatro, Anfiteatro, Arcos y Acueducto romanos
80%
Castilla-La Mancha Cuenca Casco Antiguo y sus seculares barrios aledaños
78%
Castilla y León Ávila Casco Antiguo, Murallas e Iglesias extramuros
74%
Comunidad de Madrid Alcalá de Henares Universidad, Casco Antiguo, Catedral-magistral, Corral de Comedias...
71%
Islas Baleares Ibiza Conjunto de biodiversidad y cultura
66%
Andalucía Baeza Casco Antiguo renacentista
46%
Úbeda Casco Antiguo renacentista
45%
Islas Canarias San Cristóbal de la Laguna Casco Antiguo
44%
No se encontraron pruebas coincidentes
Distribución de puntuación
Porcentaje de gente con cada puntuación
Porcentaje por número respondido
Historial de tus puntuaciones
No has intentado esta prueba.